00959nac a22002657a 4500001001000000003000900010005001700019008003400036040005400070072000800124100001500132100001700147100001900164100001800183100002000201110011100221245009600332260004000428300001100468490014300479500001200622650002000634650002100654650001800675BR6006923BR-BrBNA20240105113201.0230509b bl.|||m| |||| 00| 0 por d aBR-BrBNAbporcBiblioteca Nacional de Agricultura aE501 aBrumer, A.1 aHansen, D.O.1 aFrohlich, E.R.1 aMarteleto, F.1 aSchneider, I.A.1 aUniversidade Federal do Rio Grande do Sul, Porto Alegre (Brasil). Centro de Estudos e Pesquisas Economicas1 aAnalise do status socio-economico e de padroes de comportamento entre quatro grupos etnicos3 aPorto Alegre, RS (Brasil): c1973.  a109 p. aEstudos e Trabalhos Mimeografados - Universidade Federal do Rio Grande do Sul. Centro de Estudos e Pesquisas Economicas (Brazil)vno. 22x a28 ref. aPESQUISA SOCIAL aCOMUNIDADE RURAL aNIVEL DE VIDA